| 000 | 00385nam a2200169Ia 4500 | ||
|---|---|---|---|
| 003 | 0STCL | ||
| 008 | 150530s9999 xx 000 0 und d | ||
| 040 |
_aSTCL _cSTCL |
||
| 100 | _aSachdanand Vatsyayan | ||
| 245 | _aAdhunik Hindi Sahitya | ||
| 260 |
_bRajpal Sons ; Delhi _c1976 |
||
| 300 | _a0 | ||
| 546 | _aHindi | ||
| 942 |
_2ddc _cBK |
||
| 999 |
_c65438 _d65438 |
||
| 005 | 20220125171306.0 | ||